3-Word '90s Movies Quiz Stats

Quiz Updated Aug 22, 2016

Also try: 3-Word '80s Movies
Challenge
Share
Tweet
Score 0/24 Timer 03:00
0 Plays Today
% Correct
Saving
98.1%
A
94.8%
Dances
94.5%
Good
94.1%
Dazed
93.5%
Being
92.9%
Leaving
91.6%
Dennis
91.4%
You've
91.2%
Fried
90.2%
Grumpy
89.6%
Never
88.4%
% Correct
Air
88.1%
Tomorrow
87.9%
The
87.6%
Natural
87.4%
Any
83.8%
Men
83.1%
Deep
82.5%
Can't
77.3%
Last
76.2%
Drive
72%
Life
72%
Army
69.6%

You're not logged in!

Compare scores with friends on all Sporcle quizzes.
Sign Up with Email
OR
Log In

You Might Also Like...

Show Comments

Extras

Top Quizzes Today


Score Distribution

Your Account Isn't Verified!

In order to create a playlist on Sporcle, you need to verify the email address you used during registration. Go to your Sporcle Settings to finish the process.